000 02124nam a2200433 c 4500
999 _c167908
_d167908
003 BLK
005 20250728130726.0
008 180411b bul|||||r ||||||| ||bul||
010 _aKNG00175756000
020 _a978-954-474-645-2
040 _aBLK
041 _aBUL
_cBUL
072 7 _2bullib
_aН50
_xЕстествени науки. Математика и др. Н
080 _aПриложна ботаника. Икономическа ботаника. Диворастящи лекарствени растения и др.
_b581.6
_x(035)
_z581.6(035)
080 _aЛекарствени средства от растителен произход. Подразделя се със знак за отношение :582; :633/635; :665.3
_b615.322
_x(035)
_z615.322(035)
100 1 _aТребен, Мария
_eпърви автор
_9131153
139 _aТребен, Мария
_bТ 81
245 1 0 _aЗдраве от аптеката на Господ
_bСъвети и опит с лечебни билки
_cМария Требен; прев. от нем. Величка Стефанова.
257 _aAUT
260 _bКибеа
_c2014
_fСофия : Инвестпрес
300 _a228 с.
_bс ил., табл.
_c24 см
380 _a5
490 _aСерия Здраве
_9201388
500 _aОриг. загл.: Gesundheit aus der Apotheke Gottes / Maria Treben. - Азб. показалец
650 4 _aМедицински растения - наръчници и ръководства
_9251135
650 4 _aФитотерапия - наръчници и ръководства
_9251134
653 _aлекарствени растения
653 _aнародна медицина
653 _aфитотерапия
659 _aН
700 1 _aСтефанова, Величка
_eпрев. от нем.
_9365974
852 _aЦб 274403
856 4 _qpdf
856 4 _qpdf
942 _cKNG
_n0
_s1
_02
944 _aCR
_c22.05.2015
_k30531
_lЦветелина Шанова
944 _aED
_c24.04.2017
_kВиолета_Тройчева
999 _d167908